| 000 | 00548nam a22001817a 4500 | ||
|---|---|---|---|
| 005 | 20250227144302.0 | ||
| 008 | 250225b |||||||| |||| 00| 0 eng d | ||
| 020 | _a9780143459941 | ||
| 041 | _aEng | ||
| 082 |
_a158.1 _b CHE |
||
| 100 |
_aChenthamarakshan Manoj _9211441 |
||
| 245 | _a25 Small Habits: Simple Daily Habits to Improve Wealth, Health and Happiness | ||
| 260 |
_aIndia _bPenguin Business _c2023 |
||
| 300 | _a85 | ||
| 365 |
_b199.00 _cRs.00 |
||
| 650 |
_aApplied Psychology _vPersonal Improvement & Analysis _9211419 |
||
| 942 | _cBK | ||
| 999 |
_c365279 _d365279 |
||